An integrated scheme for process fault diagnosis /
محفوظ في:
| المؤلف الرئيسي: | |
|---|---|
| التنسيق: | أطروحة كتاب |
| اللغة: | English |
| منشور في: |
1993.
|
| الموضوعات: | |
| الوسوم: |
إضافة وسم
لا توجد وسوم, كن أول من يضع وسما على هذه التسجيلة!
|
| LEADER | 00778cam a2200241 a 4500 | ||
|---|---|---|---|
| 001 | u357246 | ||
| 003 | SIRSI | ||
| 008 | 940811s1993 si a v 00 1 eng m | ||
| 035 | |a ABT-5510 | ||
| 040 | |a UMM | ||
| 090 | |a TS156.8 |b Liu | ||
| 100 | 1 | 0 | |a Liu, Jian. |
| 245 | 1 | 3 | |a An integrated scheme for process fault diagnosis / |c Liu Jian. |
| 260 | |c 1993. | ||
| 300 | |a xii, 107 p. : |b ill. ; |c 30 cm. | ||
| 502 | |a Dissertation (M.Eng.) -- National University of Singapore, 1993. | ||
| 504 | |a Bibliography: leaves 105-107. | ||
| 650 | 0 | |a Process control |x Automation. | |
| 650 | 0 | |a Fault location (Engineering) | |
| 650 | 0 | |a Neural networks (Computer science) | |
| 948 | |a 11/08/1994 |b 25/11/2000 | ||
| 596 | |a 1 | ||
| 999 | |a TS156.8 LIU |w LC |c 1 |i A505562529 |l STACKS |m P01UTAMA |r Y |s Y |t TESIS |u 24/4/1996 | ||
